| 000 | 00708nam a22002057a 4500 | ||
|---|---|---|---|
| 005 | 20140320155959.0 | ||
| 010 | _aENG-109232 | ||
| 020 |
_c995.00 _a9780198078524 |
||
| 020 |
_c995.00 _a0198078528 |
||
| 035 | _aEN-92765 | ||
| 037 | _bDBAD/PUB | ||
| 082 | _a305.80095496 | ||
| 100 | _aCampbell, Ben | ||
| 245 |
_aLiving between juniper and palm : _cby Ben Campbell _bnature, culture and power in the Himalayas / |
||
| 260 |
_bOxford University Press _c2013 _aNew Delhi |
||
| 270 |
_bNew Delhi _e110001 _aYMCA Library Building, 1 Jai Singh Road |
||
| 300 |
_aviii,390p. _c24cm(Hb) |
||
| 500 | _aincludes bibliographical references and index | ||
| 942 |
_2ddc _cEN _mCAM _h305.80095496 |
||
| 999 |
_c82281 _d82281 |
||